00525pab a2200157 454500008004000000100002200040245011100062260000900173300001100182362000900193650002400202773001100226909001000237999001700247952010300264180718b1990 xxu||||| |||| 00| 0 eng d aWegelin, Emiel A. aNew approaches in urban services deliverybA comparison of emerging experience in selected Asian countries c1990 a244-58 aAug. aUrbanisation - Asia aCities a20385 c20385d20385 00104070aIIPAbIIPAd2018-07-19hVolume no: 7, Issue no: 3pAR20454r2018-07-19w2018-07-19yAR